Science and Environment Series 1

Saved in:
Bibliographic Details
Main Author: Berwick, Gwen
Other Authors: Thorne, Sydney
Format: Book
Language:Undetermined
Published: Tp. Hồ Chí Minh Tổng hợp Tp. Hồ Chí Minh 2009
Subjects:
Online Access:http://lrc.tdmu.edu.vn/opac/search/detail.asp?aID=2&ID=14143
Tags: Add Tag
No Tags, Be the first to tag this record!
Institutions: Trung tâm Học liệu Trường Đại học Thủ Dầu Một
LEADER 00714nam a2200217Ia 4500
001 TDMU_14143
008 210410s9999 xx 000 0 und d
082 |a 428.6 
090 |b B206 
100 |a Berwick, Gwen 
245 0 |a Science and Environment 
245 0 |b Series 1 
245 0 |c Gwen Berwick, Sydney Thorne 
260 |a Tp. Hồ Chí Minh 
260 |b Tổng hợp Tp. Hồ Chí Minh 
260 |c 2009 
300 |a 155tr. 
650 |a Tiếng Anh  |x Khoa học  |x Môi trường; English  |x Science  |x Environment 
700 |a Thorne, Sydney 
856 |u http://lrc.tdmu.edu.vn/opac/search/detail.asp?aID=2&ID=14143 
980 |a Trung tâm Học liệu Trường Đại học Thủ Dầu Một